Ereignisse des 3. Jahrhunderts - Statistiken

Allgemein
  • Dieses Quiz wurde 57 mal gespielt
  • Das Durchschnittsergebnis liegt bei 9 aus 15
Antwortstatistiken
Hint Extra Hint Antwort % Korrekt
Die Sonnenpyramide von Teotihuacán, die drittgrößte Pyramide der Welt, wird errichtet. um 200 Mexiko
98%
Die Goten plündern Korinth, Argos und Sparta. 267 Griechenland
92%
Kaiser Aurelian erobert die Gebiete des Gallischen Sonderreichs zurück. 274 Frankreich
82%
Die Hopewell-Kultur breitet sich aus. Vereinigte Staaten
80%
Die Tschernjachow-Kultur entsteht. Ukraine
78%
Während der Christenverfolgung unter Valerian wird Cyprian von Karthago öffentlich hingerichtet. 258 Tunesien
76%
Zeit der Drei Reiche. 220-280 China
71%
Das Palmyrische Reich wird von Königin Zenobia gegründet, jedoch werden seine Gebiete bald von den Römern zurückerobert. 270-273 Syrien
61%
Eröffnung der Caracalla-Thermen. 216/17 Italien
59%
Die Stadt Sarnath entwickelt sich zu einem Zentrum buddhistischer Kunst. Indien
57%
Blütezeit der Funan Kambodscha
51%
Das Königreich Hatra fällt an die Sassaniden. 241 Irak
45%
In der Schlacht von Hormozdgan erobern die Sassaniden unter Ardaschir I. das Partherreich. 224 Iran
35%
Kaiser Probus besiegt die nomadischen Blemmyer. 279/80 Ägypten
25%
Schlacht von Edessa: Die Römer werden von den Sassaniden vernichtend geschlagen, Kaiser Valerian wird gefangen genommen. 260 Türkei
25%
Keine übereinstimmenden Quizze gefunden
Verteilung der Resultate
Anzahl Personen mit jedem Resultat
Perzentil nach korrekt beantworteten Fragen
Ihre Resultats-Entwicklung
Sie haben dieses Quiz noch nicht gespielt